Anagramas - Videojuegos - Estadísticas

Estadísticas generales
  • Esta prueba ha sido intentada 1.803 veces
    1.652 desde el último reinicio
  • La puntuación promedio es 6 de 16
Estadísticas de respuestas
Juego % Correcto
FIFA
92%
GTA
92%
Roblox
77%
Zelda
67%
Minecraft
62%
Pokemon
53%
Fortnite
49%
Sonic
49%
Tetris
42%
Free Fire
40%
Terraria
26%
Among Us
25%
Portal
23%
Pikmin
20%
Uncharted
20%
Donkey Kong
16%
Fall Guys
16%
Elden Ring
14%
Dark Souls
13%
Red Dead Redemption
13%
League of Legends
8%
Papers Please
6%
Rocket League
6%
Super Mario
6%
No se encontraron pruebas coincidentes
Distribución de puntuación
Porcentaje de gente con cada puntuación
Porcentaje por número respondido
Historial de tus puntuaciones
No has intentado esta prueba desde el último reinicio